00721nam a2200229 a 4500001001300000003000900013005001700022008004100039020002300080082001300103100002400116245007700140260002500217300000900242500003500251505003200286650001300318902000800331942000700339952012800346999001700474nice12345678IN_TiNIC20260116015403.0150305s2010 dela grp 000 0 eng  a9788184650730c20000a266bMEL aMelanchthon, Monica aMission and Ministry Vb Women in the Bible and in Theological Education aDelhi bISPCK c2010 a160  aincludes index and biblioraphy2 aCurriculum Vitae of Authors aMissions bSRS cBK 001040708StackRoom-aHMIbHMId2005-01-01g200.00l1o266 MELp11002851r2024-05-23s2024-03-28v200.00w2015-03-05yBK c19488d19488